<?xml version="1.0" encoding="UTF-8"?>
<record
    xmlns:xsi="http://www.w3.org/2001/XMLSchema-instance"
    xsi:schemaLocation="http://www.loc.gov/MARC21/slim http://www.loc.gov/standards/marcxml/schema/MARC21slim.xsd"
    xmlns="http://www.loc.gov/MARC21/slim">

  <leader>01485nam a2200265Ia 4500</leader>
  <controlfield tag="005">20250520111828.0</controlfield>
  <controlfield tag="008">210716s2009    xx            000 0 und d</controlfield>
  <datafield tag="020" ind1=" " ind2=" ">
    <subfield code="a">9789353160777</subfield>
  </datafield>
  <datafield tag="040" ind1=" " ind2=" ">
    <subfield code="c">AIMIT LIBRARY</subfield>
  </datafield>
  <datafield tag="041" ind1=" " ind2=" ">
    <subfield code="a">eng</subfield>
  </datafield>
  <datafield tag="082" ind1=" " ind2=" ">
    <subfield code="a">658.804 </subfield>
    <subfield code="2">7</subfield>
    <subfield code="b">ZEIV</subfield>
  </datafield>
  <datafield tag="100" ind1=" " ind2=" ">
    <subfield code="a">Zeithaml, Valarie A.</subfield>
    <subfield code="9">20179</subfield>
  </datafield>
  <datafield tag="245" ind1=" " ind2=" ">
    <subfield code="a">Services marketing :</subfield>
    <subfield code="b">integrating customer focus across the firm /</subfield>
    <subfield code="c">By Valarie A. Zeithaml...[et.al.].</subfield>
  </datafield>
  <datafield tag="250" ind1=" " ind2=" ">
    <subfield code="a">7th ed.</subfield>
  </datafield>
  <datafield tag="260" ind1=" " ind2=" ">
    <subfield code="a">New Delhi :</subfield>
    <subfield code="b">Tata McGraw Hill Publishing Company Ltd ,</subfield>
    <subfield code="c">2009.</subfield>
  </datafield>
  <datafield tag="300" ind1=" " ind2=" ">
    <subfield code="a">Xxxvi, 582p. ;</subfield>
    <subfield code="c">24 cm.</subfield>
  </datafield>
  <datafield tag="500" ind1=" " ind2=" ">
    <subfield code="a">The seventh edition of our hallmarked text on Services Marketing by Zeithaml, Bitner, Gremler and Pandit, introduces readers to the vital role that services play in economy and its future. Services dominate the advance economy of the world and virtually all companies view services as critical to retaining their customers. The seventh edition maintains a managerial focus by incorporating company examples and strategies for addressing issues in every chapter and emphasizes the knowledge needed to implement service strategies for competitive advantage across industries.</subfield>
  </datafield>
  <datafield tag="650" ind1=" " ind2=" ">
    <subfield code="a">Building customer relationships</subfield>
    <subfield code="9">20180</subfield>
  </datafield>
  <datafield tag="650" ind1=" " ind2=" ">
    <subfield code="a">Listening to customers through research</subfield>
    <subfield code="9">20181</subfield>
  </datafield>
  <datafield tag="650" ind1=" " ind2=" ">
    <subfield code="a">Customer defined service standards</subfield>
    <subfield code="9">20182</subfield>
  </datafield>
  <datafield tag="700" ind1=" " ind2=" ">
    <subfield code="a">Bitner, Mary Jo.</subfield>
    <subfield code="9">20183</subfield>
  </datafield>
  <datafield tag="700" ind1=" " ind2=" ">
    <subfield code="a">Gremler, Dwayne D.</subfield>
    <subfield code="9">20184</subfield>
  </datafield>
  <datafield tag="700" ind1=" " ind2=" ">
    <subfield code="a">Pandit, Ajay.</subfield>
    <subfield code="9">20185</subfield>
  </datafield>
  <datafield tag="942" ind1=" " ind2=" ">
    <subfield code="2">ddc</subfield>
    <subfield code="c">BK</subfield>
    <subfield code="e">7th</subfield>
    <subfield code="k">658.804 ZEIV</subfield>
  </datafield>
  <datafield tag="999" ind1=" " ind2=" ">
    <subfield code="c">210949</subfield>
    <subfield code="d">210949</subfield>
  </datafield>
  <datafield tag="952" ind1=" " ind2=" ">
    <subfield code="0">0</subfield>
    <subfield code="1">0</subfield>
    <subfield code="2">ddc</subfield>
    <subfield code="4">0</subfield>
    <subfield code="7">3</subfield>
    <subfield code="8">MBA</subfield>
    <subfield code="a">AIMIT</subfield>
    <subfield code="b">AIMIT</subfield>
    <subfield code="d">2019-03-06</subfield>
    <subfield code="g">845.00</subfield>
    <subfield code="i">Bill no:5202; Bill dt:2019-02-28</subfield>
    <subfield code="l">0</subfield>
    <subfield code="o">658.804 ZEIV</subfield>
    <subfield code="p">MBA13517</subfield>
    <subfield code="r">2025-07-21 00:00:00</subfield>
    <subfield code="v">676.00</subfield>
    <subfield code="w">2021-07-16</subfield>
    <subfield code="y">BK</subfield>
  </datafield>
  <datafield tag="952" ind1=" " ind2=" ">
    <subfield code="0">0</subfield>
    <subfield code="1">0</subfield>
    <subfield code="2">ddc</subfield>
    <subfield code="4">0</subfield>
    <subfield code="7">0</subfield>
    <subfield code="8">MBA</subfield>
    <subfield code="a">AIMIT</subfield>
    <subfield code="b">AIMIT</subfield>
    <subfield code="d">2019-03-06</subfield>
    <subfield code="g">845.00</subfield>
    <subfield code="i">Bill no:5202; Bill dt:2019-02-28</subfield>
    <subfield code="l">0</subfield>
    <subfield code="o">658.804 ZEIV</subfield>
    <subfield code="p">MBA13518</subfield>
    <subfield code="r">2026-05-23 00:00:00</subfield>
    <subfield code="v">676.00</subfield>
    <subfield code="w">2021-07-16</subfield>
    <subfield code="y">BK</subfield>
  </datafield>
  <datafield tag="952" ind1=" " ind2=" ">
    <subfield code="0">0</subfield>
    <subfield code="1">0</subfield>
    <subfield code="2">ddc</subfield>
    <subfield code="4">0</subfield>
    <subfield code="7">0</subfield>
    <subfield code="8">MBA</subfield>
    <subfield code="a">AIMIT</subfield>
    <subfield code="b">AIMIT</subfield>
    <subfield code="d">2019-03-06</subfield>
    <subfield code="g">845.00</subfield>
    <subfield code="i">Bill no:5202; Bill dt:2019-02-28</subfield>
    <subfield code="l">9</subfield>
    <subfield code="o">658.804 ZEIV</subfield>
    <subfield code="p">MBA13519</subfield>
    <subfield code="r">2026-05-23 00:00:00</subfield>
    <subfield code="s">2025-11-29</subfield>
    <subfield code="v">676.00</subfield>
    <subfield code="w">2021-07-16</subfield>
    <subfield code="y">BK</subfield>
  </datafield>
  <datafield tag="952" ind1=" " ind2=" ">
    <subfield code="0">0</subfield>
    <subfield code="1">0</subfield>
    <subfield code="2">ddc</subfield>
    <subfield code="4">0</subfield>
    <subfield code="7">0</subfield>
    <subfield code="8">MBA</subfield>
    <subfield code="a">AIMIT</subfield>
    <subfield code="b">AIMIT</subfield>
    <subfield code="d">2019-03-06</subfield>
    <subfield code="g">845.00</subfield>
    <subfield code="i">Bill no:5202; Bill dt:2019-02-28</subfield>
    <subfield code="l">7</subfield>
    <subfield code="o">658.804 ZEIV</subfield>
    <subfield code="p">MBA13520</subfield>
    <subfield code="r">2026-05-23 00:00:00</subfield>
    <subfield code="s">2024-07-25</subfield>
    <subfield code="v">676.00</subfield>
    <subfield code="w">2021-07-16</subfield>
    <subfield code="y">BK</subfield>
  </datafield>
  <datafield tag="952" ind1=" " ind2=" ">
    <subfield code="0">0</subfield>
    <subfield code="1">0</subfield>
    <subfield code="2">ddc</subfield>
    <subfield code="4">0</subfield>
    <subfield code="7">0</subfield>
    <subfield code="8">MBA</subfield>
    <subfield code="a">AIMIT</subfield>
    <subfield code="b">AIMIT</subfield>
    <subfield code="d">2019-03-06</subfield>
    <subfield code="g">845.00</subfield>
    <subfield code="i">Bill no:5202; Bill dt:2019-02-28</subfield>
    <subfield code="l">4</subfield>
    <subfield code="o">658.804 ZEIV</subfield>
    <subfield code="p">MBA13521</subfield>
    <subfield code="r">2026-05-23 00:00:00</subfield>
    <subfield code="s">2022-09-24</subfield>
    <subfield code="v">676.00</subfield>
    <subfield code="w">2021-07-16</subfield>
    <subfield code="y">BK</subfield>
  </datafield>
  <datafield tag="952" ind1=" " ind2=" ">
    <subfield code="0">0</subfield>
    <subfield code="1">0</subfield>
    <subfield code="2">ddc</subfield>
    <subfield code="4">0</subfield>
    <subfield code="7">0</subfield>
    <subfield code="8">MBA</subfield>
    <subfield code="a">AIMIT</subfield>
    <subfield code="b">AIMIT</subfield>
    <subfield code="d">2022-03-24</subfield>
    <subfield code="g">845.00</subfield>
    <subfield code="i">Bill no:6628; Bill dt:2022-03-23</subfield>
    <subfield code="l">5</subfield>
    <subfield code="o">658.804  ZEIV</subfield>
    <subfield code="p">MBA14392</subfield>
    <subfield code="r">2026-05-23 00:00:00</subfield>
    <subfield code="s">2024-07-29</subfield>
    <subfield code="v">676.00</subfield>
    <subfield code="w">2022-04-05</subfield>
    <subfield code="y">BK</subfield>
  </datafield>
  <datafield tag="952" ind1=" " ind2=" ">
    <subfield code="0">0</subfield>
    <subfield code="1">0</subfield>
    <subfield code="2">ddc</subfield>
    <subfield code="4">0</subfield>
    <subfield code="7">0</subfield>
    <subfield code="8">MBA</subfield>
    <subfield code="a">AIMIT</subfield>
    <subfield code="b">AIMIT</subfield>
    <subfield code="d">2022-03-24</subfield>
    <subfield code="g">845.00</subfield>
    <subfield code="i">Bill no:6628; Bill dt:2022-03-23</subfield>
    <subfield code="l">5</subfield>
    <subfield code="o">658.804  ZEIV</subfield>
    <subfield code="p">MBA14393</subfield>
    <subfield code="r">2026-05-23 00:00:00</subfield>
    <subfield code="s">2024-08-31</subfield>
    <subfield code="v">676.00</subfield>
    <subfield code="w">2022-04-05</subfield>
    <subfield code="y">BK</subfield>
  </datafield>
  <datafield tag="952" ind1=" " ind2=" ">
    <subfield code="0">0</subfield>
    <subfield code="1">0</subfield>
    <subfield code="2">ddc</subfield>
    <subfield code="4">0</subfield>
    <subfield code="7">0</subfield>
    <subfield code="8">MBA</subfield>
    <subfield code="a">AIMIT</subfield>
    <subfield code="b">AIMIT</subfield>
    <subfield code="d">2022-03-24</subfield>
    <subfield code="g">845.00</subfield>
    <subfield code="i">Bill no:6628; Bill dt:2022-03-23</subfield>
    <subfield code="l">5</subfield>
    <subfield code="o">658.804  ZEIV</subfield>
    <subfield code="p">MBA14394</subfield>
    <subfield code="r">2026-05-23 00:00:00</subfield>
    <subfield code="s">2023-06-02</subfield>
    <subfield code="v">676.00</subfield>
    <subfield code="w">2022-04-05</subfield>
    <subfield code="y">BK</subfield>
  </datafield>
  <datafield tag="952" ind1=" " ind2=" ">
    <subfield code="0">0</subfield>
    <subfield code="1">0</subfield>
    <subfield code="2">ddc</subfield>
    <subfield code="4">0</subfield>
    <subfield code="7">0</subfield>
    <subfield code="8">MBA</subfield>
    <subfield code="a">AIMIT</subfield>
    <subfield code="b">AIMIT</subfield>
    <subfield code="c">MKG</subfield>
    <subfield code="d">2025-03-06</subfield>
    <subfield code="e">Biblios Book Point</subfield>
    <subfield code="g">1000.00</subfield>
    <subfield code="i">Bill no:7262; Bill dt:2025/3/06</subfield>
    <subfield code="l">0</subfield>
    <subfield code="o">658.804  ZEIV</subfield>
    <subfield code="p">MBA15118</subfield>
    <subfield code="r">2026-05-23 00:00:00</subfield>
    <subfield code="v">780.00</subfield>
    <subfield code="w">2025-05-19</subfield>
    <subfield code="y">BK</subfield>
  </datafield>
  <datafield tag="952" ind1=" " ind2=" ">
    <subfield code="0">0</subfield>
    <subfield code="1">0</subfield>
    <subfield code="2">ddc</subfield>
    <subfield code="4">0</subfield>
    <subfield code="7">0</subfield>
    <subfield code="8">MBA</subfield>
    <subfield code="a">AIMIT</subfield>
    <subfield code="b">AIMIT</subfield>
    <subfield code="c">MKG</subfield>
    <subfield code="d">2025-03-18</subfield>
    <subfield code="e">Biblios Book Point</subfield>
    <subfield code="g">1000.00</subfield>
    <subfield code="i">Bill no:7262; Bill dt:2025/3/06</subfield>
    <subfield code="l">0</subfield>
    <subfield code="o">658.804  ZEIV</subfield>
    <subfield code="p">MBA15119</subfield>
    <subfield code="r">2026-05-23 00:00:00</subfield>
    <subfield code="v">780.00</subfield>
    <subfield code="w">2025-05-19</subfield>
    <subfield code="y">BK</subfield>
  </datafield>
  <datafield tag="952" ind1=" " ind2=" ">
    <subfield code="0">0</subfield>
    <subfield code="1">0</subfield>
    <subfield code="2">ddc</subfield>
    <subfield code="4">0</subfield>
    <subfield code="7">0</subfield>
    <subfield code="8">MBA</subfield>
    <subfield code="a">AIMIT</subfield>
    <subfield code="b">AIMIT</subfield>
    <subfield code="c">MKG</subfield>
    <subfield code="d">2025-03-18</subfield>
    <subfield code="e">Biblios Book Point</subfield>
    <subfield code="g">1000.00</subfield>
    <subfield code="i">Bill no:7262; Bill dt:2025/3/06</subfield>
    <subfield code="l">0</subfield>
    <subfield code="o">658.804  ZEIV</subfield>
    <subfield code="p">MBA15120</subfield>
    <subfield code="r">2026-05-23 00:00:00</subfield>
    <subfield code="v">780.00</subfield>
    <subfield code="w">2025-05-19</subfield>
    <subfield code="y">BK</subfield>
  </datafield>
</record>
